00377 a2200121 450000500170000002000180001708200150003511100670005024500510011725000120016826000320018030000430021220250618080053.0 a9789976780734 a657.072NBA aTHE NATIONAL BOARD OF ACCOUNTANTS AND AUDITORS TANZANIA (NBAA) aA1 Quantitative Techniques,; Foundation level  a1st, Ed aDar es salaambNBAA,c2014. a336p, Ill, table, figuresbIndexc29cm